000 02134cam a22004457a 4500
999 _c57429
_d57429
001 17733677
005 20200618144828.0
008 130510s2012 caua b 001 0 eng d
010 _a 2012554233
015 _aGBB262339
_2bnb
016 7 _a016111699
_2Uk
020 _a9781430228745 (pbk.)
020 _a1430228741 (pbk.)
020 _z9781430228752 (electronic)
035 _a(OCoLC)ocn797979053
040 _aUKMGB
_beng
_cUKMGB
_dOCLCO
_dWIQ
_dCGP
_dEINCP
_dBTCTA
_dYDXCP
_dLKRBL
_dBDX
_dCXP
_dORX
_dBWX
_dCNNAI
_dDEBBG
_dDLC
041 _aeng
042 _alccopycat
050 0 0 _aQA76.76.H94
_bB434 2012
080 _a004.738.5 B-38
082 0 4 _a006.76
_223
084 _aST 252
_2rvk
245 0 0 _aBeginning HTML5 and CSS3 :
_bthe Web evolved : next generation Web standards /
_cRichard Clark ... [et al.].
260 _a[Berkeley, Calif.] :
_bApress ;
_aNew York :
_bDistributed to the book trade worldwide by Springer Science+Business Media,
_cc2012.
300 _axx, 600 p. :
_bill. ;
_c24 cm.
490 1 _aThe expert's voice in web development
500 _aCover title.
504 _aIncludes bibliographical references and index.
505 0 _aHTML5 : now, not 2022 -- Your first plunge into HTML5 -- New structural elements -- A richer approach to marking up content -- Rich media -- Paving the way for web applications -- CSS3, here and now -- Keeping your markup slim using CSS3 selectors -- A layout for every occasion -- Improving web typography -- Putting CSS3 properties at work -- Transforms, transitions, and animation -- The future of CSS or, awesome stuff that's to come.
650 0 _aHTML (Document markup language)
_98570
650 0 _aWeb site development.
_98571
650 0 7 _aCascading Style Sheets 3.0.
_2gnd
_98572
650 0 7 _aHTML 5.0.
_2gnd
_98573
653 _aკომპიუტერული ტექნოლოგიები
700 1 _aClark, Richard,
_d1982-
_98574
830 0 _aExpert's voice in Web development.
_98575
906 _a7
_bcbc
_ccopycat
_d2
_encip
_f20
_gy-gencatlg
942 _2udc
_cBK
955 _bxh58 2013-05-10 z-processor
_ixh58 2013-05-13 ; to BCCD